000 01066cam a2200325 4500
001 4543604
003 ARRUPE
005 20161207081422.0
008 690717s1969 enk b 001 0 eng
010 _a 69011022
015 _aB69-10307
020 _a0521073367
040 _aDLC
_cDLC
_dDLC
041 1 _aengger
050 0 0 _aD16.7
_b.H45 1969
082 0 0 _a901
100 1 _aHerder, Johann Gottfried,
_d1744-1803.
_918769
245 1 0 _aJ. G. Herder on social and political culture;
_ctranslated, edited and with an introduction by F. M. Barnard.
260 _aLondon,
_bCambridge U.P.,
_c1969.
300 _axii, 329 p.
_c23 cm.
350 _a70/-
_a($11.50)
490 0 _aCambridge studies in the history and theory of politics
504 _aBibliography: p. xii.
650 0 _aHistory
_xPhilosophy.
_927929
650 0 _aLanguage and languages
_xOrigin.
_914516
650 0 _aPolitical culture.
_918975
700 1 _aBarnard, F. M.
_q(Frederick M.),
_eed.
_927930
906 _a7
_bcbc
_corignew
_du
_encip
_f19
_gy-gencatlg
942 _2lcc
_cMONOGRAPH
999 _c125871
_d125871